Atlas de astronomía / (Record no. 79917)

MARC details
000 -LEADER
campo de control de longitud fija 00936nam a2200289 i 4500
001 - NÚMERO DE CONTROL
campo de control 79917
003 - IDENTIFICADOR DE NÚMERO DE CONTROL
campo de control ES-MaACL
005 - FECHA Y HORA DE LA ÚLTIMA TRANSACCIÓN
campo de control 20230906174100.0
007 - CAMPO FIJO DE DESCRIPCIÓN FÍSICA--INFORMACIÓN GENERAL
campo de control de longitud fija t|
008 - DATOS DE LONGITUD FIJA--INFORMACIÓN GENERAL
campo de control de longitud fija 041025s1984 sp a |||| | spa d
020 ## - NÚMERO INTERNACIONAL ESTÁNDAR DEL LIBRO
Número Internacional Estándar del Libro 84-206-6202-X
080 ## - NÚMERO DE LA CLASIFICACIÓN DECIMAL UNIVERSAL
Número de la Clasificación Decimal Universal 52(084.4)
100 1# - ENTRADA PRINCIPAL--NOMBRE DE PERSONA
Nombre de persona Herrmann, Joachim.
9 (RLIN) 63374
245 13 - MENCIÓN DEL TÍTULO
Título Atlas de astronomía /
Mención de responsabilidad, etc. Joachim Herrmann ; ilustraciones de Harald y Ruth Bukor ; versión española de Miguel Paredes Larrucea.
250 ## - MENCION DE EDICION
Mención de edición 1ª ed. en "Alianza atlas".
260 ## - PUBLICACIÓN, DISTRIBUCIÓN, ETC.
Lugar de publicación, distribución, etc. Madrid :
Nombre del editor, distribuidor, etc. Alianza Editorial,
Fecha de publicación, distribución, etc. 1984.
300 ## - DESCRIPCIÓN FÍSICA
Extensión 289 p. :
Otras características físicas il. col. ;
Dimensiones 20 cm.
490 1# - MENCIÓN DE SERIE
Mención de serie Alianza atlas ;
Designación de volumen o secuencia 2
504 ## - NOTA DE BIBLIOGRAFÍA, ETC.
Nota de bibliografía, etc. Bibliografía: p. [282]-284.
650 ## - PUNTO DE ACCESO ADICIONAL DE MATERIA--TÉRMINO DE MATERIA
Término de materia o nombre geográfico como elemento de entrada Astronomía-
Subdivisión de forma Atlas.
9 (RLIN) 10387
700 1# - ENTRADA AGREGADA--NOMBRE PERSONAL
Nombre de persona Bukor, Harald.
9 (RLIN) 32487
700 1# - ENTRADA AGREGADA--NOMBRE PERSONAL
Nombre de persona Bukor, Ruth.
9 (RLIN) 32488
700 1# - ENTRADA AGREGADA--NOMBRE PERSONAL
Nombre de persona Paredes Larrucea, Miguel.
9 (RLIN) 89050
830 1# - PUNTO DE ACCESO ADICIONAL DE SERIE-TÍTULO UNIFORME
Título uniforme Alianza atlas ;
Designación de volumen o secuencia 2
9 (RLIN) 179317
852 ## - LOCALIZACIÓN
Ubicación ES-MaACL
Número de control de estantería L-6916
Holdings
Estatus retirado Estado de pérdida Estado de daño No para préstamo Biblioteca de origen Biblioteca actual Ubicación en estantería Fecha de adquisición Fuente de adquisición Total de préstamos Signatura topográfica completa Código de barras Visto por última vez Precio de reemplazo Tipo de ítem Koha
        Biblioteca del Ateneo de Madrid Biblioteca del Ateneo de Madrid Depósito 2 17/01/2008     L-6916 1083562 23/02/2023 23/02/2023 Libro impreso